Territory Flags - Statistics

General Stats
  • This quiz has been taken 174 times
  • The average score is 37 of 58
Answer Stats
Picture Answer % Correct
Hong Kong
92%
Åland
85%
US Virgin Islands
85%
Gibraltar
84%
Puerto Rico
84%
Faroe Islands
83%
Isle of Man
83%
Greenland
82%
American Samoa
80%
Macau
80%
Jersey
78%
Western Sahara
76%
Christmas Island
75%
Guernsey
74%
Niue
74%
Aruba
72%
Guam
72%
Northern Cyprus
72%
Norfolk Island
71%
Cook Islands
69%
French Polynesia
68%
Tokelau
68%
New Caledonia
67%
Saint Pierre
67%
Curaçao
66%
Falkland Islands
66%
Guadeloupe
66%
Sicily
66%
Bermuda
64%
British Virgin Islands
64%
South Ossetia
63%
Northern Mariana Islands
62%
French Guiana
61%
Sint Maarten
61%
Anguilla
60%
British Indian Ocean Territory
60%
Easter Island
60%
Turks and Caicos
60%
Wallis and Futuna
60%
Corsica
59%
Somaliland
59%
Montserrat
57%
Cayman Islands
56%
Sardinia
56%
Pitcairn Islands
54%
South Georgia
54%
Abkhazia
51%
Cocos (Keeling) Islands
51%
Martinique
51%
Mayotte
49%
Saint Helena
48%
Madeira
45%
Canary Islands
43%
Kashmir
43%
Crimea
40%
Galapagos Islands
40%
Balearic Islands
30%
Kaliningrad
29%
No matching quizzes found
Score Distribution
Percent of People with Each Score
Percentile by Number Answered
Your Score History
You have not taken this quiz